Στατιστικά στοιχεία ακαδημαϊκών βιβλιοθηκών
Saved in:
| Format: | Serial |
|---|---|
| Language: | Greek |
| Published: |
Ιωάννινα :
Μονάδα Ολικής Ποιότητας Ακαδημαϊκών Βιβλιοθηκών,
[199-?]
|
| Subjects: | |
| Tags: |
Add Tag
No Tags, Be the first to tag this record!
|
MARC
| LEADER | 00000nas a2200000 i 4500 | ||
|---|---|---|---|
| 001 | 1/55061 | ||
| 008 | 070917c199 9999gr gre | ||
| 022 | |a 11084790 | ||
| 035 | |l 10090758 | ||
| 040 | |a GR-MY-UA |b gre |e aacr | ||
| 041 | 0 | |a gre | |
| 245 | 1 | 0 | |a Στατιστικά στοιχεία ακαδημαϊκών βιβλιοθηκών |h [περιοδικό] / |c Μονάδα Ολικής Ποιότητας Ακαδημαϊκών Βιβλιοθηκών. |
| 260 | |a Ιωάννινα : |b Μονάδα Ολικής Ποιότητας Ακαδημαϊκών Βιβλιοθηκών, |c [199-?] | ||
| 300 | |a τ. : |c 29 εκ. | ||
| 310 | |a Ετήσιο | ||
| 650 | 0 | 0 | |a Academic libraries |x Collection development |z Greece. |
| 853 | |a INST |b CHIOS |c SER |h 027.7 | ||
| 920 | |a ΜΟΝΑΔΑ ΟΛΙΚΗΣ ΠΟΙΟΤΗΤΑΣ ΑΚΑΔΗΜΑΪΚΩΝ ΒΙΒΛΙΟΘΗΚΩΝ |y ΧΙΟΣ |z 2001-01 | ||
| 970 | |a ΣΠΕΝΤΖΑ |b ΕΛΕΝΗ |z 2007/09/17 | ||